000 00726nam a2200289Ia 4500
005 20260324123827.0
008 008 260324s9999 xx 000 0 eng d
020 _a9780203814512
037 _aEBOOK
040 _aCRL
040 _beng
040 _cCRL
041 _2eng
041 _aeng
084 _qCRL
100 _aS. Mansoob Murshed; Pedro Goulart; Leandro Serino
_91171802
245 0 _aSouth-South Globalization
245 0 _bChallenges and Opportunities for Development
260 _bTaylor and Francis
260 _c2011
365 _a
365 _b67.99
856 _uhttp://www.taylorfrancis.com/books/9780203814512
942 _cEBOOK
999 _c1765656
_d1765656